000 01479nam a22002537a 4500
999 _c59001
_d59001
003 Ge_BSU
005 20221028124201.0
008 221028s2010 ge ||||| |||| 00| 0 geo d
020 _a9789941024399
041 _ageo
080 _a332.1(075.8) რ-35
100 _aბარათაშვილი, ევგენი
_9734
245 _aრეგიონული ეკონომიკა : (სახელმძღვ. ბაკალავრებისათვის) /
_cევგენი ბარათაშვილი, ნაირა გალახვარიძე, ნოდარ გრძელიშვილი, ნანა ნადარეიშვილი ; [რედ.: გურამ ჯოლია, შოთა ვეშაპიძე].
264 _aთბილისი,
_c2010.
300 _a362 გვ. ;
_b20 სმ.
504 _aბიბლიოგრ.: გვ. 344-346.
653 _aრეგიონული ეკონომიკა
700 _aგალახვარიძე, ნაირა
_eავტორი
_97238
700 _aგრძელიშვილი, ნოდარ
_eავტორი
_94965
700 _aნადარეიშვილი, ნანა
_eავტორი
_915628
700 _aჯოლია, გურამ
_eრედაქტორი
_915629
700 _aვეშაპიძე, შოთა
_eრედაქტორი
_915630
942 _2udc
_cBK